书目信息 |
| 题名: |
福建土围楼
|
|
| 作者: | 石奕龙 著 ;刘凤玖 摄影 | |
| 分册: | ||
| 出版信息: | 北京 中国旅游出版社 2005 |
|
| 页数: | 182页 | |
| 开本: | 21cm | |
| 丛书名: | 中国秘境之旅 | |
| 单 册: | ||
| 中图分类: | K928.79 | |
| 科图分类: | ||
| 主题词: | 民居--研究--福建省 , 地理--中国 | |
| 电子资源: | ||
| ISBN: | 7-5032-2515-7 | |
| 000 | 01234nam0 2200373 450 | |
| 000 | 01197nam0 2200361 450 | |
| 000 | 01150nam0 2200349 450 | |
| 000 | 01113nam0 2200337 450 | |
| 000 | 01142nam0 2200325 450 | |
| 000 | 01105nam0 2200313 45 | |
| 001 | TS2006022083 | |
| 005 | 20061210164613.31 | |
| 010 | @a7-5032-2515-7@dCNY28.00 | |
| 092 | @aCN@bTS01-024570 | |
| 100 | @a20060829d2005 em y0chiy0110 ea | |
| 101 | 0 | @achi |
| 102 | @aCN@b110000 | |
| 105 | @aa z 000yy | |
| 200 | 1 | @a福建土围楼@Afu jian tu wei lou@e泥土版筑的城堡@f石奕龙著@g刘凤玖摄影 |
| 210 | @a北京@c中国旅游出版社@d2005 | |
| 215 | @a182页@c图@d21cm | |
| 225 | 2 | @a中国秘境之旅 |
| 330 | @a本书介绍了土围楼在闽南、闽西南沿海与溪谷地区闽南人与客家人村落中的分布、建造、使用等情况,以及这些土围楼之乡里民众的日常生活情况。 | |
| 410 | 0 | @12001 @a中国秘境之旅 |
| 606 | 0 | @a民居@x研究@y福建省 |
| 606 | 0 | @a地理@x中国 |
| 607 | @a福建省@x导游 | |
| 690 | @aK928.79@v4 | |
| 701 | 0 | @a石奕龙@Ashi yi long@4著 |
| 702 | 0 | @a刘凤玖@Aliu feng jiu@4摄影 |
| 801 | 0 | @aCN@b中图数据@c20061210 |
| 905 | @a10447@dK928.79@e400 | |
| 福建土围楼:泥土版筑的城堡/石奕龙著/刘凤玖摄影.-北京:中国旅游出版社,2005 |
| 182页:图;21cm.-(中国秘境之旅) |
| ISBN 7-5032-2515-7:CNY28.00 |
| 本书介绍了土围楼在闽南、闽西南沿海与溪谷地区闽南人与客家人村落中的分布、建造、使用等情况,以及这些土围楼之乡里民众的日常生活情况。 |
| ● |
| 相关链接 |
|
|
|
|
正题名:福建土围楼
索取号:K928.79/400
 
预约/预借
| 序号 | 登录号 | 条形码 | 馆藏地/架位号 | 状态 | 备注 |
| 1 | 0615133 | 206151331 | 第二样本阅览室/ [索取号:K928.79/400] | 在馆 | |
| 2 | 0615134 | 206151340 | 第二借阅区/ [索取号:K928.79/400] | 在馆 | |
| 3 | 0615135 | 206151359 | 第二借阅区/ [索取号:K928.79/400] | 在馆 | |
| 4 | 0615136 | 206151368 | 第二借阅区/ [索取号:K928.79/400] | 在馆 | |
| 5 | 0615137 | 206151377 | 密集书库/ [索取号:K928.79/400] | 在馆 | |
| 6 | 0615138 | 206151386 | 密集书库/ [索取号:K928.79/400] | 在馆 |